LDR 00902naa#a2200181#i#450# 001 EN\\bibl\121026 005 20260501044148.5 011 ## _a1994-5655 100 ## _a20260428b2026####ek#y0engy0150####ca 101 0# _aENG 102 ## _aRU 200 1# _aOn the role and functions of museums in international cultural exchange and promotion (taking the Louvre as an example) _eJournal article 210 1# _aSyktyvkar _cFSBI FIC "Komi Scientific Center of the Ural Branch of the Russian Academy of Sciences" _d2026 215 ## _a6 с. 608 ## _aJournal article _2local 675 ## _aДеятельность международных и межгосударственных организаций(Организация Объединенных наций (ООН), Организация африканских государств (ОАГ) и т.д.). 327.7 _zENG 700 #1 _aHay _gPeyven' 856 4# _akomisc.editorum.ru _u